000 00281nam a2200133Ia 4500
100 _aSHARMA/P.C.
650 _aPRODUCTION
942 _cBK
245 _aText Book of Prod.Engg.
260 _bTech-Max Publ.
_aPune
_c2008
082 _a671/SHA
300 _a983
546 _aENGLISH
999 _c27296
_d27296